000 00652nam a2200229Ia 4500
001 16709
003 GE_BSU
008 181216s||||||||xx |||||||||||||| ||und||
040 _cGE_BSU
080 _a891.71-93
100 _aინბერი, ვერა
245 _aმაია
245 _bმოთხრობა ბავშვებისათვის
245 _cმთარგმნ.: მ. გვარამია
260 _aთბილისი
260 _bნაკადული
260 _c1964
300 _a93გვ. ; 16სმ
653 _aმაია
653 _aმოთხრობა
942 _cBK
999 _c49774
_d49774